|
|
|
|
| LEADER |
00000nam0a2200000 4500 |
| 001 |
305132 |
| 005 |
20231102001754.0 |
| 020 |
|
|
|a RU
|b 83-23255
|
| 035 |
|
|
|a (RuTPU)RU\TPU\book\330398
|
| 090 |
|
|
|a 305132
|
| 100 |
|
|
|a 20150924d1983 km y0rusy5003 ca
|
| 101 |
0 |
|
|a rus
|
| 102 |
|
|
|a RU
|
| 105 |
|
|
|a y z 001zy
|
| 200 |
1 |
|
|a Воздействие локальной вибрации и вопросы виброзащиты
|f А. М. Микулинский, Л. С. Шейман, Т. М. Радзюкевич
|g Горьковский научно-исследовательский институт гигиены труда и профзаболеваний
|
| 210 |
|
|
|a Горький
|c Волго-Вятское кн. изд-во
|d 1983
|
| 215 |
|
|
|a 176 с.
|c ил.
|
| 320 |
|
|
|a Библиогр.: с. 171-174
|
| 606 |
1 |
|
|a Вибрации
|x Действие на организм
|x Производственная среда
|x Медицина
|2 stltpush
|3 (RuTPU)RU\TPU\subj\38208
|9 58862
|
| 610 |
1 |
|
|a вибрационная болезнь
|
| 610 |
1 |
|
|a профилактика
|
| 610 |
1 |
|
|a виброзащита
|
| 610 |
1 |
|
|a вибрационные нагрузки
|
| 610 |
1 |
|
|a функциональные системы
|
| 610 |
1 |
|
|a адаптация
|
| 610 |
1 |
|
|a воздействие
|
| 610 |
1 |
|
|a локальная вибрация
|
| 610 |
1 |
|
|a защита
|
| 675 |
|
|
|a 613.644
|z rus
|v 3
|
| 700 |
|
1 |
|a Микулинский
|b А. М.
|g Аркадий Моисеевич
|4 070
|
| 701 |
|
1 |
|a Шейман
|b Л. С.
|g Лев Самуилович
|
| 701 |
|
1 |
|a Радзюкевич
|b Т. М.
|g Татьяна Михайловна
|
| 712 |
0 |
2 |
|a Горьковский научно-исследовательский институт гигиены труда и профзаболеваний
|2 stltpush
|3 (RuTPU)RU\TPU\col\24277
|
| 801 |
|
0 |
|a RU
|b RuMRKP
|c 19950704
|g psbo
|
| 801 |
|
1 |
|a RU
|b 63413507
|c 20150924
|
| 801 |
|
2 |
|a RU
|b 63413507
|c 20180627
|g RCR
|
| 942 |
|
|
|c BK
|